La deslegalizacion origenes y limites constitucionales, en Francia, Italia y Espana /

Detalles Bibliográficos
Autor principal: Roig, Antonio
Formato: Desconocido
Lenguaje:español
Publicado: Madrid : Dykinson, 2003
Materias:
Acceso en línea:Acceso restringido

MARC

LEADER 00000ny a22000003n 4500
005 20110621105920.0
006 m u
007 cr cn|||||||||
008 200508r2003 sp |||||s|||||||||||spa d
020 |a 9788497722131 
035 |a 646 
040 |a FlNmELB  |c FlNmELB  |d vlex 
050 1 4 |a K3240.4  |b R741 2003eb 
080 |a 342 
090 |c 1331  |d 1331 
100 1 |a Roig, Antonio 
245 1 3 |a La deslegalizacion  |h [Recurso electrn̤ico]  |b origenes y limites constitucionales, en Francia, Italia y Espana /  |c Antoni. Roig 
256 |a Servicio en ln̕ea 
260 |a Madrid :  |b Dykinson,  |c 2003 
300 |a [9]-265 p 
506 1 |a Contenido solo disponible en los productos indicados  |d vLex Global  |d vLex Global (Academic Edition, excluding Law Schools)  |d vLex Global (U.S. Academic Edition, Law Schools)  |d vLex Global (U.S. Academic Edition, excluding Law Schools)  |d vLex Global (Academic Edition, Law Schools) 
650 0 7 |2 Tesauro vLex  |a Constitucional 
650 0 7 |2 Tesauro vLex  |a Actividad administrativa 
650 0 7 |2 Tesauro vLex  |a Competencias reglamentarias 
650 0 7 |2 Tesauro vLex  |a Reglamentos 
740 0 |a vLex Libros (Servicios en ln̕ea) 
856 4 0 |z Acceso restringido  |u http://vlex.com/source/646 
942 |c BOOK